Los crímenes del amor / (Record no. 136429)

MARC details
000 -LEADER
campo de control de longitud fija 00559nam a2200181 4500
001 - NÚMERO DE CONTROL
campo de control 136429
003 - IDENTIFICADOR DE NÚMERO DE CONTROL
campo de control ES-MaACL
005 - FECHA Y HORA DE LA ÚLTIMA TRANSACCIÓN
campo de control 20240314063028.0
007 - CAMPO FIJO DE DESCRIPCIÓN FÍSICA--INFORMACIÓN GENERAL
campo de control de longitud fija t|
008 - DATOS DE LONGITUD FIJA--INFORMACIÓN GENERAL
campo de control de longitud fija 070214s1971 sp r ||||1| spa d
100 1# - ENTRADA PRINCIPAL--NOMBRE DE PERSONA
Nombre de persona Sade,
Títulos y otros términos asociados al nombre marquis de,
Fechas asociadas al nombre 1740-1814
9 (RLIN) 101276
245 14 - MENCIÓN DEL TÍTULO
Título Los crímenes del amor /
Mención de responsabilidad, etc. Marquis de Sade ; versión castellana de J. F. Vidal Jové.
260 ## - PUBLICACIÓN, DISTRIBUCIÓN, ETC.
Lugar de publicación, distribución, etc. Madrid :
Nombre del editor, distribuidor, etc. Al- borak,
Fecha de publicación, distribución, etc. 1971.
300 ## - DESCRIPCIÓN FÍSICA
Extensión 2 v. ;
Dimensiones 22 cm.
700 1# - ENTRADA AGREGADA--NOMBRE PERSONAL
Nombre de persona Vidal Jové, J. F.
9 (RLIN) 114497
852 ## - LOCALIZACIÓN
Ubicación ES-MaACL
Número de control de estantería C-44255-6
Sublocalización o colección R.80194
Holdings
Estatus retirado Estado de pérdida Estado de daño No para préstamo Biblioteca de origen Biblioteca actual Ubicación en estantería Fecha de adquisición Fuente de adquisición Total de préstamos Signatura topográfica completa Código de barras Visto por última vez Precio de reemplazo Tipo de ítem Koha
        Biblioteca del Ateneo de Madrid Biblioteca del Ateneo de Madrid Depósito 2 17/01/2008     C-44255-6 1141988 23/02/2023 23/02/2023 Libro impreso